|
|
|
|
| LEADER |
00000cam a22000004a 4500 |
| 001 |
musev2_391 |
| 003 |
MdBmJHUP |
| 005 |
20230905040055.0 |
| 006 |
m o d |
| 007 |
cr||||||||nn|n |
| 008 |
090827s2010 txu o 00 0 eng d |
| 010 |
|
|
|z 2009035817
|
| 020 |
|
|
|a 9781603443302
|
| 020 |
|
|
|z 9781603441858
|
| 020 |
|
|
|z 1603443304
|
| 020 |
|
|
|z 1603441859
|
| 035 |
|
|
|a (OCoLC)680622462
|
| 040 |
|
|
|a MdBmJHUP
|c MdBmJHUP
|
| 043 |
|
|
|a n-us-tx
|
| 050 |
0 |
4 |
|a CT275.P56
|b K45 2010
|
| 100 |
1 |
|
|a King, Kelley M.
|q (Kelley Marie),
|d 1964-
|
| 245 |
1 |
0 |
|a Call Her a Citizen :
|b Progressive-Era Activist and Educator Anna Pennybacker /
|c Kelley M. King.
|
| 250 |
|
|
|a 1st ed.
|
| 264 |
|
1 |
|a College Station :
|b Texas A&M University Press,
|c 2010.
|
| 264 |
|
3 |
|a Baltimore, Md. :
|b Project MUSE,
|c 2012
|
| 264 |
|
4 |
|c ©2010.
|
| 300 |
|
|
|a 1 online resource (288 pages):
|b ill. ;
|
| 336 |
|
|
|a text
|b txt
|2 rdacontent
|
| 337 |
|
|
|a computer
|b c
|2 rdamedia
|
| 338 |
|
|
|a online resource
|b cr
|2 rdacarrier
|
| 490 |
0 |
|
|a Centennial series of the Association of Former Students, Texas A&M University ;
|v no. 114
|
| 504 |
|
|
|a Includes bibliographical references and index.
|
| 505 |
0 |
|
|a 1861-1880: early life and career -- 1880-1900: called to teach -- Pennybacker's history of Texas -- The Texas Federation of Women's Clubs -- The most powerful position a woman could hold -- 1916-1920: World War and women's suffrage -- Promoting ideals of citizenship -- A citizen of the nation and the world.
|
| 588 |
|
|
|a Description based on print version record.
|
| 600 |
1 |
0 |
|a Pennybacker, Percy V.,
|c Mrs.,
|d 1861-1938.
|
| 650 |
|
0 |
|a Women social reformers
|z Texas
|v Biography.
|
| 650 |
|
0 |
|a Social reformers
|z Texas
|v Biography.
|
| 650 |
|
0 |
|a Women educators
|z Texas
|v Biography.
|
| 650 |
|
0 |
|a Educators
|z Texas
|v Biography.
|
| 610 |
2 |
0 |
|a General Federation of Women's Clubs
|x History.
|
| 610 |
2 |
0 |
|a Texas Federation of Women's Clubs
|x History.
|
| 651 |
|
0 |
|a Texas
|x History
|y 1846-1950.
|
| 651 |
|
0 |
|a United States
|x History
|y 1913-1921.
|
| 655 |
|
7 |
|a Electronic books.
|2 local
|
| 710 |
2 |
|
|a Project Muse.
|e distributor
|
| 830 |
|
0 |
|a Centennial series of the Association of Former Students, Texas A&M University ;
|v no. 114.
|
| 830 |
|
0 |
|a Book collections on Project MUSE.
|
| 856 |
4 |
0 |
|z Texto completo
|u https://projectmuse.uam.elogim.com/book/391/
|
| 945 |
|
|
|a Project MUSE - Custom Collection
|
| 945 |
|
|
|a Project MUSE - 2010 History
|
| 945 |
|
|
|a Project MUSE - 2010 Complete
|